| 000 | 00621nam a2200229 i 4500 | ||
|---|---|---|---|
| 001 | bg | ||
| 100 | 1 | _aBURY, Andrzej | |
| 245 | 1 | 0 |
_aKarty płatnicze w Polsce / _cAndrzej Bury. |
| 250 | _aWyd. 5 zm. i zaktual. | ||
| 260 |
_aWarszawa : _bCeDeWu, _c2002. |
||
| 300 |
_a222 s. ; _c20 cm. |
||
| 504 | _aBibliogr. | ||
| 650 | 9 |
_aKarty płatnicze _zPolska |
|
| 020 | _a8387885193 | ||
| 040 | _cBPK | ||
| 041 | 0 | _apl | |
| 080 | _a336.717(438) | ||
| 920 | _a83-87885-19-3 | ||
| 942 | _cKS | ||
| 008 | s pl f |000 0 pol | ||
| 999 |
_c41073 _d41073 |
||
| 856 |
_uhttp://koha.tu.koszalin.pl/cgi-bin/koha/opac-detail.pl?biblionumber=41073 _yKatalog online BPK |
||